000
00331 a2200157 4500
001
56502
020
_a
8516035468
040
_c
Anchieta - Pituba
100
_a
Carrasco, Walcyr
240
1
0
_a
Estrelas tortas
_l
por
245
1
0
_a
Estrelas tortas
300
_a
104
362
0
_a
2007
650
4
_a
Literatura juvenil
942
_c
BK
999
_c
56502
_d
56502